Methods in module theory / (Record no. 69669)
[ view plain ]
| 000 -LEADER | |
|---|---|
| fixed length control field | 00974nam a2200277 a 4500 |
| 001 - CONTROL NUMBER | |
| control field | 69669 |
| 003 - CONTROL NUMBER IDENTIFIER | |
| rucl marc code | BD-RjUL |
| 005 - DATE AND TIME OF LATEST TRANSACTION | |
| control field | 20211209081919.0 |
| 008 - FIXED-LENGTH DATA ELEMENTS--GENERAL INFORMATION | |
| fixed length control field | 1 s1993 nyua b 101 0 eng |
| 020 ## - INTERNATIONAL STANDARD BOOK NUMBER | |
| International Standard Book Number | 0824788028 (acidfree) |
| 035 ## - SYSTEM CONTROL NUMBER | |
| System control number | (BD-RjUL)69881 |
| 040 ## - CATALOGING SOURCE | |
| Original cataloging agency | DLC |
| Transcribing agency | DLC |
| Modifying agency | DLC |
| Language of cataloging | eng |
| 041 ## - LANGUAGE CODE | |
| Language code of text/sound track or separate title | eng |
| 082 00 - DEWEY DECIMAL CLASSIFICATION NUMBER | |
| Edition number | 23 |
| Classification number | 512.42 |
| Author mark and year | MET 1993 |
| 245 10 - TITLE STATEMENT | |
| Title | Methods in module theory / |
| Statement of responsibility, etc. | edited by Gene Abrams, Jeremy Haefner, K.M. Rangaswamy. |
| 260 ## - PUBLICATION, DISTRIBUTION, ETC. (IMPRINT) | |
| Place of publication, distribution, etc. | New York, N.Y. : |
| Name of publisher, distributor, etc. | Marcel Dekker, |
| Date of publication, distribution, etc. | c1993. |
| 300 ## - PHYSICAL DESCRIPTION | |
| Pagination | xiv, 325 p. : |
| Illustrations | ill. ; |
| Size | 26 cm. |
| 504 ## - BIBLIOGRAPHY, ETC. NOTE | |
| Bibliography, etc | Includes bibliographical references. |
| 650 #0 - SUBJECT ADDED ENTRY--TOPICAL TERM | |
| Topical term or geographic name as entry element | Modules (Algebra) |
| General subdivision | Congresses. |
| 9 (RLIN) | 206360 |
| 700 1# - ADDED ENTRY--PERSONAL NAME | |
| Personal name | Abrams, Gene, |
| Dates associated with a name | 1955- |
| Personal name | Haefner, Jeremy, |
| Dates associated with a name | 1957- |
| Personal name | Rangaswamy, K. M., |
| Dates associated with a name | 1938- |
| 830 ## - SERIES ADDED ENTRY--UNIFORM TITLE | |
| Uniform title | Lecture notes in pure and applied mathematics ; |
| Volume number/sequential designation | v. 140 |
| 942 ## - ADDED ENTRY ELEMENTS (KOHA) | |
| Source of classification or shelving scheme | Dewey Decimal Classification |
| Koha item type | Books |
| Lost status | Source of classification or shelving scheme | Damaged status | Not for loan | Collection code | Permanent Location | Current Location | Shelving location | Date acquired | Source of acquisition | Cost, normal purchase price | Total Checkouts | Full call number | Date last seen | Copy number | Koha item type |
|---|---|---|---|---|---|---|---|---|---|---|---|---|---|---|---|
| Dewey Decimal Classification | Not For Loan | Non-fiction | Central Library, University of Rajshahi | Central Library, University of Rajshahi | Reading Room | 23/01/2000 | syntex | 155.00 | 512.42 MET 1993 | 13/04/2017 | C-1 | Books |